| 000 | 00725nam a2200205Ia 4500 | ||
|---|---|---|---|
| 001 | 17627 | ||
| 003 | GE_BSU | ||
| 008 | 181216s||||||||xx |||||||||||||| ||und|| | ||
| 040 | _cGE_BSU | ||
| 080 | _a621.002(035.3) | ||
| 245 | _aСправочная книга по отделочным операциям в машиностроении. | ||
| 245 | _cПод общей ред. И.Г.Космачева, ред. Е.В.Еемельянова. | ||
| 260 | _aЛ. | ||
| 260 | _bЛениздат. | ||
| 260 | _c1966. | ||
| 300 | _a543 стр.с илл. 20 см. | ||
| 300 | _eТабл. | ||
| 653 | _aСправочная книга по отделочным операциям в машиностроении. | ||
| 942 | _cBK | ||
| 999 |
_c50676 _d50676 |
||